[Event "Extremadura-chT Honor"]
[Site "Merida"]
[Date "2010.03.13"]
[Round "2"]
[White "Sanchez Silva, Luis Agapito"]
[Black "Holgado Maestre, Andres"]
[Result "1-0"]
[WhiteElo "2074"]
[BlackElo "1878"]
[PlyCount "69"]
[EventDate "2010.03.06"]
[EventType "team"]
[EventRounds "9"]
[EventCountry "ESP"]
[SourceTitle "EXT 2014"]
[Source "ChessBase"]
[SourceDate "2013.11.20"]
[SourceVersion "1"]
[SourceVersionDate "2013.11.20"]
[SourceQuality "1"]

1. d4 c5 2. Nf3 Nc6 3. d5 Nb4 4. a3 Na6 5. e4 Nf6 6. e5 Ne4 7. Bd3 Qa5+ 8. c3 Nxf2 9. Kxf2 c4 10. Bxc4 e6 11. d6 g6 12. b4 Qb6+ 13. Be3 Qc6 14. Nbd2 b5 15. Nd4 Qb7 16. Nxb5 Bg7 17. Bd4 0-0 18. Rf1 f6 19. exf6 Bxf6 20. Bxf6 Rxf6+ 21. Kg1 Qb6+ 22. Kh1 Rxf1+ 23. Qxf1 Bb7 24. Qg1 Qc6 25. Rf1 Re8 26. Qf2 Rb8 27. Qf7+ Kh8 28. Rf2 Qb6 29. Qf6+ Kg8 30. Qd4 Qc6 31. Qf4 Ba8 32. Qf7+ Kh8 33. Qe7 Rg8 34. Bf1 Qc8 35. Rf7 1-0

[Event "Extremadura-chT"]
[Site "Spain"]
[Date "2009.03.14"]
[Round "8.2"]
[White "Gonzalez Cano, Juan Jose"]
[Black "Holgado Maestre, Andres"]
[Result "1-0"]
[WhiteElo "2001"]
[BlackElo "1887"]
[PlyCount "63"]
[EventDate "2009.01.17"]
[EventType "team-swiss"]
[EventRounds "9"]
[EventCountry "ESP"]
[SourceTitle "EXT 2011"]
[Source "ChessBase"]
[SourceDate "2010.11.26"]
[SourceVersion "1"]
[SourceVersionDate "2010.11.26"]
[SourceQuality "1"]
[WhiteTeam "Casareno"]
[BlackTeam "Albatros"]
[WhiteTeamCountry "ESP"]
[BlackTeamCountry "ESP"]

1. e4 b6 2. d4 d6 3. Nc3 Bb7 4. f4 Nf6 5. Bd3 Nbd7 6. Nf3 e6 7. 0-0 Be7 8. e5 Nd5 9. Nxd5 Bxd5 10. c4 Bc6 11. d5 exd5 12. e6 Nc5 13. exf7+ Kf8 14. Nd4 Bd7 15. cxd5 Kxf7 16. Bc2 Bf6 17. b4 Na6 18. Rb1 Qc8 19. Nf3 h6 20. Nd4 Qb7 21. Qh5+ Kg8 22. Ne6 Be8 23. Qf5 Bf7 24. Rf3 Re8 25. Rg3 Rxe6 26. dxe6 Bd4+ 27. Be3 Bxe3+ 28. Rxe3 Be8 29. e7 g6 30. Qe6+ Kg7 31. f5 Bf7 32. f6+ 1-0

[Event "Zafra Ruy Lopez op 1st"]
[Site "Zafra"]
[Date "2007.03.24"]
[Round "1"]
[White "Ponomariov, Ruslan"]
[Black "Holgado Maestre, Andres"]
[Result "1-0"]
[WhiteElo "2723"]
[BlackElo "1930"]
[PlyCount "45"]
[EventDate "2007.03.24"]
[EventType "swiss (rapid)"]
[EventRounds "9"]
[EventCountry "ESP"]
[SourceTitle "CBM 117 Extra"]
[Source "ChessBase"]
[SourceDate "2007.05.09"]
[SourceVersion "1"]
[SourceVersionDate "2007.05.09"]
[SourceQuality "1"]

1. e4 e5 2. Nf3 Nc6 3. Bb5 a6 4. Ba4 Nf6 5. 0-0 Be7 6. d3 b5 7. Bb3 0-0 8. a4 Bb7 9. Nc3 bxa4 10. Rxa4 d6 11. Nd5 Nb8 12. Nxe7+ Qxe7 13. Nh4 Nbd7 14. Nf5 Qd8 15. Be3 c5 16. f4 Nb6 17. fxe5 Nxa4 18. exf6 Nxb2 19. Nh6+ Kh8 20. fxg7+ Kxg7 21. Qg4+ Kh8 22. Rxf7 d5 23. Qg7# 1-0